000 00710nam a2200217Ii 4500
001 20699
003 CO-ViMGA
008 241108s9999||||xx |||||||||||||| ||und||
020 _a9586704920
040 _aCO-ViMGA
_bspa
_erda
_cCO-ViMGA
041 0 _aspa
082 0 4 _a658.40721 Z16o
100 1 _aAlvaro. Zapata Domínguez
_944631
245 1 0 _aOrganización y management :
_bnaturaleza, objeto, método, investigación y enseñanza
264 1 _aBogotá, Colombia : Programa Editorial Universidad del Valle, 2008
300 _avolumen
336 _atext
_btxt
_2rdacontent
337 _aunmediated
_bn
_2rdamedia
338 _avolume
_bnc
_2rdacarrier
940 _aidficha_siabuc: 20353. -- ficha_no_siabuc:20699
999 _c39096
_d39096